زياد فوق جبل النورس / (رقم التسجيلة. 48593)

تفاصيل مارك
000 -LEADER
fixed length control field 00657nam a22002057a 4500
005 - DATE AND TIME OF LATEST TRANSACTION
control field 20251108170753.0
008 - FIXED-LENGTH DATA ELEMENTS--GENERAL INFORMATION
fixed length control field 250721s1991 xx 000 0 ara d
020 ## - INTERNATIONAL STANDARD BOOK NUMBER
International Standard Book Number 9197126411
082 14 - DEWEY DECIMAL CLASSIFICATION NUMBER
Classification number ط/ق/آلب
100 1# - MAIN ENTRY--PERSONAL NAME
Personal name آلبوم، ينز
Relator term مؤلف
245 10 - TITLE STATEMENT
Title زياد فوق جبل النورس /
264 1# - PRODUCTION, PUBLICATION, DISTRIBUTION, MANUFACTURE, AND COPYRIGHT NOTICE
Place of production, publication, distribution, manufacture استوكهولم :
Name of producer, publisher, distributor, manufacturer دار المنى،
Date of production, publication, distribution, manufacture, or copyright notice 1991.
300 ## - PHYSICAL DESCRIPTION
Extent 30ص . : مص
650 17 - SUBJECT ADDED ENTRY--TOPICAL TERM
Topical term or geographic name as entry element القصص المترجمة
653 ## - INDEX TERM--UNCONTROLLED
Uncontrolled term أطفال مرحلة متوسطة ( 6-9 سنوات )
700 1# - ADDED ENTRY--PERSONAL NAME
Personal name هيننج، منى زريقات
Relator term ترجمة
700 1# - ADDED ENTRY--PERSONAL NAME
Personal name سيف، وليد
Relator term ترجمة
942 ## - ADDED ENTRY ELEMENTS (KOHA)
Source of classification or shelving scheme Dewey Decimal Classification
Koha item type كتب
المقتنيات
حالة السحب حالة الفقدان مصدر التصنيف حالة التلف غير قابل للإعارة المكتبة الرئيسية المكتبة الحالية موقع الرف تاريخ التزويد الرقم المتسلسل Total Checkouts رقم الإستدعاء الباركود تاريخ آخر ظهور تاريخ الفاتورة نوع المادة (كوها)
    Dewey Decimal Classification     مكتبة البشائر للأطفال مكتبة البشائر للأطفال الأطفال 06/07/2004 582411   ط/ق/آلب 582411 28/07/2025 06/07/2004 كتب
    Dewey Decimal Classification Unchecked   مكتبة أم المؤمنين للأطفال مكتبة أم المؤمنين للأطفال الأطفال 06/07/2004 582408   ط/ق/آلب   28/07/2025 06/07/2004 كتب
    Dewey Decimal Classification     مكتبة أم المؤمنين للأطفال مكتبة أم المؤمنين للأطفال الأطفال 28/07/2025 367974   ط/ق/آلب 367974 28/07/2025 28/07/2025 كتب
    Dewey Decimal Classification     مكتبة أم المؤمنين للأطفال مكتبة أم المؤمنين للأطفال الأطفال 28/07/2025 582408   ط/ق/آلب 582408 28/07/2025 28/07/2025 كتب
    Dewey Decimal Classification     مكتبة الأميرة سلمى مكتبة الأميرة سلمى الأطفال 06/07/2004 582413   ط/ق/آلب 582413 28/07/2025 06/07/2004 كتب
    Dewey Decimal Classification Unchecked   مكتبة البراعم الواعدة مكتبة البراعم الواعدة الأطفال 06/07/2004 582407   ط/ق/آلب   28/07/2025 06/07/2004 كتب
    Dewey Decimal Classification     مكتبة الراية الهاشمية للأطفال مكتبة الراية الهاشمية للأطفال الأطفال 28/07/2025 1078068   ط/ق/آلب 1078068 28/07/2025 28/07/2025 كتب
    Dewey Decimal Classification Unchecked   مكتبة الياسمين للأطفال مكتبة الياسمين للأطفال الأطفال 06/07/2004 582412   ط/ق/آلب   28/07/2025 06/07/2004 كتب
    Dewey Decimal Classification     مكتبة بدر الجديدة للأطفال مكتبة بدر الجديدة للأطفال الأطفال 06/07/2004 582410   ط/ق/آلب 582410 28/07/2025 06/07/2004 كتب
    Dewey Decimal Classification Unchecked   مكتبة بدر للأطفال مكتبة بدر للأطفال الأطفال 06/07/2004 582409   ط/ق/آلب   28/07/2025 06/07/2004 كتب
    Dewey Decimal Classification     مكتبة حمزة العامة مكتبة حمزة العامة الأطفال 14/05/2018 1668900   ط/ق/آلب PLD00421053 28/07/2025 14/05/2018 كتب
    Dewey Decimal Classification Unchecked   مكتبة مؤتة مكتبة مؤتة الأطفال 06/07/2004 582398   ط/ق/آلب   28/07/2025 06/07/2004 كتب
    Dewey Decimal Classification     مكتبة مؤتة مكتبة مؤتة الأطفال 06/03/2018 1676882   ط/ق/آلب PLD00419044 28/07/2025 06/03/2018 كتب
Implemented & Customized by: BBB with SCIT (Smart Chains for Information Technology)

Powered by Koha